00293nam a2200121Ia 45000030006000000080041000060400015000471000060000622450011001222600009001335460012001420050017001540STCL150530s9999 xx 000 0 und d aSTCLcSTCL aDevelopments Reconstruction Plans; Government of Madras aHealth c1920 aEnglish20220125165525.0